Statistics for San Antonio City Trivia

Click here to take the quiz!

General Stats

  • This quiz has been taken 45 times
  • The average score is 7 of 16

Answer Stats

ClueAnswer% Correct
Site of the most "remembered" battle of the Texas Revolution.Alamo
95%
Name either of the cities that form the "Texas Triangle" with San Antonio.Dallas | Houston
90%
San Antonio's NBA team.San Antonio Spurs
82%
The U in UTSA.University
64%
Sandra Bullock movie about an FBI agent going undercover at a beauty pageant.Miss Congeniality
56%
Type of building San Fernando is, the oldest in Texas.Cathedral
46%
Former player of that team widely regarded as the greatest power forward of all time.Tim Duncan
44%
River along which the famous "River Walk" is located.San Antonio
44%
President whose wedding took place in San Antonio's St. Mark's Episcopal Church.Lyndon B. Johnson
44%
County in which the city of San Antonio is situated.Bexar
38%
Tallest structure in Texas (excluding radio antennas).Tower of the {Americas}
38%
Portuguese Catholic priest after whom San Antonio is named.Anthony of {Padua}
33%
Main annual festival of San Antonio - running for 10 days.San Antonio Fiesta
21%
Commander of the Republic of Texas at that battle.William B. Travis
18%
Most famous brewery of San Antonio.Pearl Brewery
13%
Island on that walkway that is used for weddings.Marriage Island
10%

Score Distribution

Percentile by Number Answered

Percent of People with Each Score

Your Score History

You have not taken this quiz